00658nam a2200193Ia 450000500170000000800410001704100080005808200160006610000150008224500440009726000410014130000090018250000400019165000480023170000150027994200070029499900170030195201460031820230323105956.0230125s9999 xx 000 0 und d aeng a658.15bGUR aGurusamy S aMerchant banking and financial services c2005bThomson publicationaNew Delhi a462p aFinancial services;Merchant banking aFinancial services;Merchant banking9180799 aGurusamy S cDB c92258d92258 00104070aHIMRbHIMRd2015-12-02eHNIMR Staffg250.00o658.15 GUR DB2276pHIMR-DB-2276r2023-01-25 00:00:00v250.00w2023-01-25yDBzDB2276